[Event "Tri Buki Children's CupT 1st"]
[Site "Tri Buki"]
[Date "2016.02.07"]
[Round "6.2"]
[White "Valkov, Mitko"]
[Black "Risteski, Emil"]
[Result "0-1"]
[WhiteElo "1099"]
[BlackElo "1658"]
[PlyCount "104"]
[EventDate "2016.02.04"]
[EventType "team-swiss"]
[EventRounds "6"]
[EventCountry "BUL"]
[SourceTitle "CBM 170 Extra"]
[Source "ChessBase"]
[SourceDate "2016.02.25"]
[SourceVersion "1"]
[SourceVersionDate "2016.02.25"]
[SourceQuality "1"]

1. e4 d5 2. e5 Bf5 3. d4 e6 4. Nc3 c5 5. Nf3 Nc6 6. Bb5 a6 7. Bxc6+ bxc6 8. 0-0 Bg6 9. Bf4 cxd4 10. Nxd4 c5 11. Nf3 Ne7 12. Qe2 Nc6 13. Rad1 Be7 14. Rfe1 0-0 15. Qd2 Rb8 16. b3 Qa5 17. Na4 Qxd2 18. Rxd2 Na5 19. c3 c4 20. b4 Nc6 21. a3 Na7 22. Nd4 Rfc8 23. Be3 Nb5 24. Nxb5 axb5 25. Nc5 Bxc5 26. Bxc5 Ra8 27. Ra1 Ra4 28. Kf1 Rca8 29. Rda2 Bd3+ 30. Ke1 h6 31. h4 Kh7 32. h5 g6 33. g4 g5 34. Kd2 Kg7 35. Be7 R4a7 36. Bf6+ Kh7 37. Ke3 Rd7 38. a4 Rda7 39. a5 Rd7 40. Kd4 Rc7 41. a6 Be4 42. Ke3 Rca7 43. f4 gxf4+ 44. Kxf4 Bd3 45. g5 hxg5+ 46. Kxg5 Rd7 47. Ra5 d4 48. cxd4 Rxd4 49. Rxb5 Rg8+ 50. Bg7 Kxg7 51. a7 f6+ 52. exf6+ Kh7# 0-1